000 00917nam a22002897a 4500
001 BR0001709
003 BR-BrBNA
005 20230928100559.0
007 ta
008 230509b bl.||||| |||| 00| 0 por d
040 _aBR-BrBNA
_bpor
_cBiblioteca Nacional de Agricultura
041 _a(Por)
072 _aF02
_b3371
090 _ 3371 BR0001709
100 1 _aKanashiro, S.
110 1 _aEscola Superior de Agricultura Luiz de Queiroz, Piracicaba, SP (Brasil)
_0Tese (Mestre em Agronomia)
245 1 _aEfeitos de diferentes substratos na producao da especie Aechmea fasciata (Lindley)Baker em vasos
260 3 _aPiracicaba, SP (Brasil):
_c1999.
300 _a79 p.
500 _a47 ref.; 22 tables; 11 illus.; Summaries (Eng, Por)
650 _aBromelia
650 _aSubstrato de Cultura
650 _aEstufa
650 _aProducao Vegetal
909 _a202309
_bLucia
_c55
_dLucia Elande
942 _cBK
999 _c61905
_d61905